Elementos de gramática hebrea para uso de los Seminarios Conciliares... / (Record no. 167701)

MARC details
000 -LEADER
campo de control de longitud fija 00857nam a22002295i 4500
001 - NÚMERO DE CONTROL
campo de control 167701
003 - IDENTIFICADOR DE NÚMERO DE CONTROL
campo de control ES-MaACL
005 - FECHA Y HORA DE LA ÚLTIMA TRANSACCIÓN
campo de control 20250817004349.0
008 - DATOS DE LONGITUD FIJA--INFORMACIÓN GENERAL
campo de control de longitud fija 940206s1894 sp |||| | spa d
040 ## - FUENTE DE CATALOGACIÓN
Centro catalogador/agencia de origen CAM
Lengua de catalogación spa
100 1# - ENTRADA PRINCIPAL--NOMBRE DE PERSONA
Nombre de persona Viscasillas y Urriza, Mariano,
Fechas asociadas al nombre 1835-1912
9 (RLIN) 133793
245 10 - MENCIÓN DEL TÍTULO
Título Elementos de gramática hebrea para uso de los Seminarios Conciliares... /
Mención de responsabilidad, etc. por Mariano Viscasillas y Urriza.
260 ## - PUBLICACIÓN, DISTRIBUCIÓN, ETC.
Lugar de publicación, distribución, etc. Madrid :
Nombre del editor, distribuidor, etc. [s.n.],
Fecha de publicación, distribución, etc. 1894 (
Fabricante Est. Tip. Sucesores de Rivadeneyra)
300 ## - DESCRIPCIÓN FÍSICA
Extensión 216 p. ;
Dimensiones 23 cm.
594 ## - Nota al título y mención de responsabilidad
Nota al título y mención de responsabilidad Texto en castellano y ejemplos en hebreo.
650 #4 - PUNTO DE ACCESO ADICIONAL DE MATERIA--TÉRMINO DE MATERIA
Término de materia o nombre geográfico como elemento de entrada Lengua hebrea-
Subdivisión general Gramática.
9 (RLIN) 14260
710 21 - ENTRADA AGREGADA--NOMBRE DE ENTIDAD CORPORATIVA
Nombre de entidad corporativa o nombre de jurisdicción como elemento de entrada Sucesores de Rivadeneyra (Madrid)
9 (RLIN) 134822
852 ## - LOCALIZACIÓN
Ubicación ES-MaACL
Número de control de estantería B-5213
Nota libre -- Enc. hol.
condición física -- Falto de la port. y hasta la pag.10
942 ## - ELEMENTOS DE ENTRADA SECUNDARIOS (KOHA)
Fuente del sistema de clasificación o colocación Clasificación decimal universal
Holdings
Estatus retirado Estado de pérdida Estado de daño No para préstamo Colección Biblioteca de origen Biblioteca actual Ubicación en estantería Fecha de adquisición Fuente de adquisición Total de préstamos Signatura topográfica completa Código de barras Visto por última vez Precio de reemplazo Tipo de ítem Koha
        Libros del s. XIX Biblioteca del Ateneo de Madrid Biblioteca del Ateneo de Madrid Sala Pardo Bazán 17/01/2008     B-5213 1175936 23/02/2023 23/02/2023 Libro impreso antiguo